国・地域別の船籍登録ランキング - Statistics

General Stats
  • This quiz has been taken 109 times
  • The average score is 10 of 20
Answer Stats
順位 国別 万総トン % Correct
20 米国 1,140
97%
10 日本 3,170
95%
6 中国 8,740
94%
15 韓国 1,730
87%
11 インドネシア 2,340
83%
2 パナマ 24,670
72%
17 イタリア 1,280
59%
5 シンガポール 9,630
56%
16 ノルウェー 1,680
47%
12 マディラ諸島 2,200
42%
18 イラン 1,190
37%
1 リベリア 25,700
35%
9 ギリシャ 3,400
31%
4 香港 12,820
29%
13 デンマーク 2,210
28%
8 バハマ 6,180
19%
14 キプロス 2,110
16%
3 マーシャル諸島 18,900
14%
7 マルタ 7,870
14%
19 マン島 1,160
3%
No matching quizzes found
Score Distribution
Percent of People with Each Score
Percentile by Number Answered
Your Score History
You have not taken this quiz